Texas assessment of basic skills : objective specifications for mathematics, reading, and writing : grade 3, grade 5 and exit level.

Bibliographic Details
Corporate Author: Texas Education Agency. Division of Curriculum Development
Format: Government Document Book
Language:English
Published: Austin, TX : The Division, [1980]
Subjects:

MARC

Tag First Indicator Second Indicator Subfields
LEADER 00000cam a2200000 i 4500
001 in00001069269
005 20150929093016.0
008 801202s1980 txu s00010 eng d
035 |a (OCoLC)06991093 
035 |9 AFM7612AM 
040 |a IKM  |c IKM  |d m.c.  |d OCL  |d IKM  |d UtOrBLW 
043 |a n-us-tx 
049 |a IKMd 
086 |a E617.8 As74baso 3,5,exit  |2 txdocs 
099 9 |a E617.8  |a As74baso  |a 3,5,exit 
110 2 |a Texas Education Agency.  |b Division of Curriculum Development. 
245 1 0 |a Texas assessment of basic skills :  |b objective specifications for mathematics, reading, and writing : grade 3, grade 5 and exit level. 
264 1 |a Austin, TX :  |b The Division,  |c [1980] 
300 |a 49 pages ;  |c 28 cm. 
336 |a text  |b txt  |2 rdacontent 
337 |a unmediated  |b n  |2 rdamedia 
338 |a volume  |b nc  |2 rdacarrier 
500 |a Added cover title: TABS. 
650 0 |a Educational tests and measurements  |z Texas. 
740 0 |a TABS. 
740 0 |a Objective specifications for mathematics, reading, and writing : grade 3, grade 5, and exit level. 
740 0 |a TABS : Texas assessment of basic skills : Objective specifications for mathematics, reading, and writing : grade 3, grade 5, and exit level. 
999 |a MARS 
999 f f |s 3e944a8c-d83d-3a3e-b546-5f0bc81b9f92  |i 3e73a38e-bdcf-3c87-9c27-9f73512bea3a  |t 0 
952 f f |p normal  |a Texas A&M University  |b College Station  |c Sterling C. Evans Library  |d Evans: Texas Documents (Annex 5th floor)  |t 0  |e E617.8 AS74BASO 3,5,exit  |h Superintendent of Documents classification  |i unmediated -- volume  |m A14815935178 
998 f f |a E617.8 AS74BASO 3,5,exit  |t 0  |l Evans: Texas Documents (Annex 5th floor)